| 000 | 01127nam2a2200229 4500 | ||
|---|---|---|---|
| 001 | rc\2828654 | ||
| 005 | 20260315044923.0 | ||
| 035 | _a(NLR Aleph) 006986696 | ||
| 090 |
_a13570938 _c13570938 |
||
| 100 | _a20260315 rusy50 | ||
| 101 | 0 | _arus | |
| 102 | _aRU | ||
| 105 | _aa z ||||| | ||
| 200 | 0 | _aЗадание 12 | |
| 210 | _dБ. г. | ||
| 215 |
_a37 с., [3] с. "Для заметок" _cчерт. _d18х12 см |
||
| 461 | 0 |
_1001rc\2828642 _12000#$aМатематика$eЗадание 1-18$fинж. Б.А. Фоломин$gВСНХ. Сев.-Кавк. краев. учеб.-производ. комбинат строит. промышленности при КСНХ. Заоч. курсы строит. десятников$vЗадание 12 _95586016 _aЗаочные курсы строительных десятников (Ростов на Дону) _c[Ростов н/Д] _dБ. г. _fинж. Б.А. Фоломин _nБ. и. _oЗадание 1-18 _tМатематика _vЗадание 12 |
|
| 801 | 0 |
_aRU _bNLR _gpsbo |
|
| 801 | 1 |
_aRU _bELAR _2rusmarc |
|
| 852 |
_aNLR _j30.17/203 |
||
| 942 | _cUNSPEC | ||
| 980 | _aNB | ||